[Event "Quebec Montcalm op 3 2016-17"]
[Site "Quebec"]
[Date "2016.11.24"]
[Round "2"]
[White "Caire, Francois"]
[Black "Halhal, Sami"]
[Result "1-0"]
[WhiteElo "2250"]
[BlackElo "1878"]
[PlyCount "93"]
[EventDate "2016.11.17"]
[EventType "swiss"]
[EventRounds "5"]
[EventCountry "CAN"]
[SourceTitle "EXT 2022"]
[Source "ChessBase"]
[SourceDate "2021.10.06"]
[SourceVersion "1"]
[SourceVersionDate "2021.10.06"]
[SourceQuality "1"]

1. Nf3 c5 2. e3 Nf6 3. d4 cxd4 4. exd4 e6 5. Bd3 Nc6 6. 0-0 Be7 7. c3 Qa5 8. Bf4 a6 9. Nbd2 b5 10. a4 b4 11. Nc4 Qd8 12. Nd6+ Kf8 13. Ng5 Bxd6 14. Bxd6+ Kg8 15. Nf3 a5 16. c4 Bb7 17. Re1 Ne8 18. Bg3 d5 19. c5 h5 20. Bc2 h4 21. Bf4 h3 22. g3 Ba6 23. Ne5 Nxe5 24. Rxe5 g6 25. Qf3 Qd7 26. Rae1 Ng7 27. Bg5 Re8 28. Bf6 Rh7 29. Qg4 Rf8 30. b3 Ne8 31. Bh4 Ng7 32. f4 Nf5 33. Bxf5 exf5 34. Qf3 Bb7 35. Re7 Qc6 36. Qe3 Bc8 37. Re8 Be6 38. Rxf8+ Kxf8 39. Qe5 Qa6 40. Bf6 Qc6 41. Qb8+ Bc8 42. Qd6+ Qxd6 43. cxd6 Be6 44. Rc1 Ke8 45. Rc7 g5 46. Re7+ Kf8 47. d7 1-0

[Event "Quebec Khalif"]
[Site "Quebec"]
[Date "2016.04.16"]
[Round "4"]
[White "Tremblay, Rejean"]
[Black "Halhal, Sami"]
[Result "1-0"]
[WhiteElo "2171"]
[BlackElo "1801"]
[PlyCount "87"]
[EventDate "2016.03.21"]
[EventType "tourn"]
[EventRounds "5"]
[EventCountry "CAN"]
[SourceTitle "EXT 2022"]
[Source "ChessBase"]
[SourceDate "2021.10.06"]
[SourceVersion "1"]
[SourceVersionDate "2021.10.06"]
[SourceQuality "1"]

1. d4 Nf6 2. c4 g6 3. Nf3 Bg7 4. Nc3 d6 5. g3 Nc6 6. Bg2 0-0 7. 0-0 e5 8. dxe5 Nxe5 9. Nxe5 dxe5 10. Qxd8 Rxd8 11. Bg5 Rd4 12. b3 c6 13. h3 Bf5 14. Be3 Rd7 15. Rfd1 Rad8 16. Bxa7 Rxd1+ 17. Rxd1 Rxd1+ 18. Nxd1 Bb1 19. Nc3 Bc2 20. Bb8 Nd7 21. Bd6 f5 22. e4 f4 23. g4 Bf8 24. Bxf8 Kxf8 25. b4 Nb6 26. Bf1 Ke7 27. g5 Na8 28. h4 Nc7 29. Bh3 b5 30. Bf1 bxc4 31. Bxc4 Ne6 32. Bxe6 Kxe6 33. f3 Bd3 34. Kf2 Kd6 35. Ke1 Bc4 36. a3 Kc7 37. Kd2 Bb5 38. Nxb5+ cxb5 39. Kc3 Kc6 40. Kb3 Kb6 41. a4 Kc6 42. axb5+ Kxb5 43. Kc3 Kb6 44. Kc4 1-0

[Event "Quebec Khalif"]
[Site "Quebec"]
[Date "2016.03.28"]
[Round "2"]
[White "Halhal, Sami"]
[Black "Lessard, Claude"]
[Result "0-1"]
[WhiteElo "1801"]
[BlackElo "2036"]
[PlyCount "88"]
[EventDate "2016.03.21"]
[EventType "tourn"]
[EventRounds "5"]
[EventCountry "CAN"]
[SourceTitle "EXT 2022"]
[Source "ChessBase"]
[SourceDate "2021.10.06"]
[SourceVersion "1"]
[SourceVersionDate "2021.10.06"]
[SourceQuality "1"]

1. d4 Nf6 2. Nc3 c5 3. d5 d6 4. e4 e6 5. dxe6 fxe6 6. e5 dxe5 7. Qxd8+ Kxd8 8. Nf3 Nc6 9. Be3 a6 10. 0-0-0+ Kc7 11. Bc4 b5 12. Be2 Be7 13. h3 Bb7 14. Ng5 Nd4 15. Bxd4 exd4 16. Nxe6+ Kb6 17. Nb1 Ne4 18. Rhf1 Bf6 19. Bd3 Rae8 20. Nf4 Bg5 21. g3 Rhf8 22. Nd2 Nxd2 23. Rxd2 g6 24. Kd1 Bxf4 25. gxf4 Rxf4 26. Re1 Rxe1+ 27. Kxe1 Bg2 28. Bf1 Re4+ 29. Re2 Rxe2+ 30. Kxe2 Bxf1+ 31. Kxf1 c4 32. Ke2 Kc6 33. Kf3 Kd5 34. b3 Ke5 35. b4 g5 36. a3 h5 37. Ke2 Kf4 38. Kd2 Kf3 39. Ke1 g4 40. hxg4 hxg4 41. Kf1 d3 42. cxd3 cxd3 43. Ke1 d2+ 44. Kxd2 Kxf2 0-1